000 00801nam a2200229 a 4500
001 546
003 BR-CuiBMT
005 20231114185229.0
008 231109s 2012mgb 001 0 por d
020 _a9788577005413
040 _aBR-CuiBMT
_cBR-CuiBMT
080 _22007
_a341.231.14
090 _a341.231.14
_bM838d
100 1 _aMoreira, Nelson Camatta
245 1 0 _aDireitos e garantias constitucionais :
_be tratados internacionais de direitos humanos /
_cNelson Camatta Moreira ; Flávia Piovesan, prefácio ; Lenio Luiz Streck, apresentação.
260 _aBelo Horizonte :
_bFórum,
_c2012.
300 _a206 p. ;
_c21 cm
504 _aInclui bibliografia e índice.
650 _aDireitos humanos (direito internacional público)
650 _aProteção internacional
942 _2udc
_cLV
999 _c546
_d546